000 00315nam a2200133 a 4500
001 4144
005 20140414131908.0
008 090317s19uu xx 00 eng d
050 _aER
_bFr92 1995
100 _aBryant, Robyn
245 _aThe Frog prince.
260 _aHongkong :
_bTormont,
_c1995.
999 _c111077
_d111077